000 00465pab a2200169 454500
008 180718b2017 xxu||||| |||| 00| 0 eng d
100 _aChi, Do Quynh
245 _aThe regional coordination of strikes and the challenge for union reform in Vietnam
260 _c2017
300 _ap.1052-1068.
362 _aSep
650 _aTrade unions - Vietnam
650 _aStrike - Vietnam
650 _aStrike
773 _aDevelopment and Change
909 _a116218
999 _c116212
_d116212